[Event "Mindsports Open 4th"]
[Site "London"]
[Date "2024.07.18"]
[Round "2.7"]
[White "Buckley, Graeme N"]
[Black "Hill, Alistair"]
[Result "1/2-1/2"]
[WhiteElo "2311"]
[BlackElo "2101"]
[PlyCount "97"]
[EventDate "2024.07.18"]
[EventType "swiss"]
[EventRounds "9"]
[EventCountry "ENG"]
[SourceTitle "BritBase"]
[Source "John Saunders"]
[SourceDate "2024.08.27"]
[SourceVersion "1"]
[SourceVersionDate "2024.08.27"]
[SourceQuality "1"]

1. e4 e5 2. Nf3 Nc6 3. Bb5 Nf6 4. O-O Nxe4 5. d4 Nd6 6. Bxc6 dxc6 7. dxe5 Nf5 8. Qxd8+ Kxd8 9. Rd1+ Ke8 10. Nc3 Be7 11. h3 Be6 12. g4 Nh4 13. Nxh4 Bxh4 14. Kg2 Be7 15. a4 h5 16. f3 hxg4 17. hxg4 f5 18. exf6 gxf6 19. Bf4 f5 20. gxf5 Bxf5 21. Ne4 Kf7 22. Rh1 Bh4 23. Ra3 Rag8+ 24. Kf1 Bxe4 25. fxe4 Rg4 26. Rf3 Ke6 27. Ke2 Bf6 28. Rxh8 Bxh8 29. b3 Be5 30. Ke3 Bd6 31. Bh6 Rg6 32. Rh3 Rg4 33. Kd3 Rg2 34. Be3 a6 35. Bd4 Rg3+ 36. Rxg3 Bxg3 37. Ke3 Bd6 38. Bg7 b5 39. Bh6 Bc5+ 40. Kf3 Bb6 41. Bf4 c5 42. c4 c6 43. Be3 Ke5 44. axb5 cxb5 45. cxb5 axb5 46. b4 Kd6 47. Kf4 Kc6 48. bxc5 Bxc5 49. Bd2 1/2-1/2

[Event "Mindsports Open 4th"]
[Site "London"]
[Date "2024.07.18"]
[Round "2.8"]
[White "Liu, Tianyi (Jack)"]
[Black "Navrotescu, Andreea"]
[Result "0-1"]
[WhiteElo "2098"]
[BlackElo "2246"]
[PlyCount "198"]
[EventDate "2024.07.18"]
[EventType "swiss"]
[EventRounds "9"]
[EventCountry "ENG"]
[SourceTitle "BritBase"]
[Source "John Saunders"]
[SourceDate "2024.08.27"]
[SourceVersion "1"]
[SourceVersionDate "2024.08.27"]
[SourceQuality "1"]

1. e4 e5 2. Nf3 Nc6 3. Bb5 Nge7 4. c3 d5 5. Nxe5 dxe4 6. d4 exd3 7. Nxc6 Nxc6 8. Qxd3 Qxd3 9. Bxd3 Be6 10. Bf4 O-O-O 11. Bc2 Be7 12. Nd2 g5 13. Be3 Kb8 14. Nb3 Rhe8 15. O-O h5 16. Rad1 Ne5 17. Rxd8+ Rxd8 18. Nd4 Bc4 19. Rd1 Ng4 20. b3 Nxe3 21. fxe3 Ba6 22. c4 Re8 23. Nf5 Bc5 24. Rd7 f6 25. Rf7 Rf8 26. Rxf8+ Bxf8 27. Nd4 Bd6 28. Bg6 h4 29. Bf5 c6 30. h3 Kc7 31. Kf2 Be5 32. Kf3 Kd6 33. Ke4 b5 34. Kd3 bxc4+ 35. bxc4 Kc5 36. Be6 Bb7 37. Nc2 Kd6 38. Bf5 c5 39. e4 Bb2 40. Ne3 Bd4 41. Ng4 Bc6 42. Bc8 Ba4 43. Bb7 Bd7 44. Nh2 f5 45. exf5 Bxf5+ 46. Be4 Be6 47. Nf3 Bf6 48. Ba8 Bf7 49. Nh2 Be5 50. Ng4 Bf4 51. Be4 Be6 52. Bf3 Kc7 53. Kc3 Kb6 54. Nf2 Be5+ 55. Kb3 Bd4 56. Ne4 Be3 57. Kc3 Bf4 58. Kb3 Bf5 59. Kc3 Bd7 60. Kb3 a5 61. Nc3 Kc7 62. Ne4 a4+ 63. Kc2 Bf5 64. Kc3 Kb6 65. Kb2 Be5+ 66. Kc1 a3 67. Kc2 Bb2 68. Kb3 Bc1 69. Nc3 Ka5 70. Ne4 Kb6 71. Nc3 Bd7 72. Nd5+ Ka5 73. Kc2 Bb2 74. Be4 Ba4+ 75. Kb1 Bd1 76. Bf3 Ba4 77. Be4 Bd7 78. Kc2 g4 79. hxg4 Bxg4 80. Bd3 Bd7 81. Nf4 Ba4+ 82. Kb1 Bc6 83. Kc2 Ba4+ 84. Kb1 Kb6 85. Be4 Kc7 86. Nd3 Bd4 87. Nc1 Kd6 88. Nb3 Ke5 89. Bd5 Kf4 90. Nd2 Ke3 91. Nb3 Kd3 92. Nc1+ Kc3 93. Ne2+ Kd2 94. Nxd4 cxd4 95. c5 Ke1 96. c6 d3 97. c7 Bc2+ 98. Ka1 d2 99. Bf3 Bf5 0-1

[Event "Mindsports Open 4th"]
[Site "London"]
[Date "2024.07.18"]
[Round "2.10"]
[White "Sowray, Peter J"]
[Black "Sim, Jia Ru"]
[Result "0-1"]
[WhiteElo "2194"]
[BlackElo "2077"]
[PlyCount "74"]
[EventDate "2024.07.18"]
[EventType "swiss"]
[EventRounds "9"]
[EventCountry "ENG"]
[SourceTitle "BritBase"]
[Source "John Saunders"]
[SourceDate "2024.08.27"]
[SourceVersion "1"]
[SourceVersionDate "2024.08.27"]
[SourceQuality "1"]

1. c4 e5 2. Nc3 Nc6 3. Nf3 Nf6 4. e3 Bb4 5. Qc2 Bxc3 6. Qxc3 Qe7 7. d4 e4 8. Nd2 d5 9. b3 O-O 10. Bb2 Bf5 11. h3 h5 12. a3 a5 13. Be2 Rfd8 14. O-O-O Bg6 15. g4 h4 16. Rhg1 a4 17. g5 Ne8 18. b4 dxc4 19. Bxc4 Na7 20. Ba2 b5 21. Nb1 Rd6 22. Qe1 Bh5 23. Rd2 Rg6 24. Nc3 Rxg5 25. Rxg5 Qxg5 26. Nxe4 Qf5 27. Nc5 Qxh3 28. e4 Bf3 29. Qe3 Qh1+ 30. Kc2 h3 31. Qf4 Nd6 32. e5 Nc4 33. Rd3 Be2 34. Rg3 Qd1+ 35. Kc3 Qe1+ 36. Kc2 Bd1+ 37. Kb1 Nd2+ 0-1

[Event "Mindsports Open 4th"]
[Site "London"]
[Date "2024.07.18"]
[Round "2.11"]
[White "Payne, Matthew J"]
[Black "Badacsonyi, Stanley"]
[Result "0-1"]
[WhiteElo "2067"]
[BlackElo "2178"]
[PlyCount "124"]
[EventDate "2024.07.18"]
[EventType "swiss"]
[EventRounds "9"]
[EventCountry "ENG"]
[SourceTitle "BritBase"]
[Source "John Saunders"]
[SourceDate "2024.08.27"]
[SourceVersion "1"]
[SourceVersionDate "2024.08.27"]
[SourceQuality "1"]

1. e4 e6 2. d4 d5 3. e5 c5 4. c3 Nc6 5. Nf3 Bd7 6. Be2 Nge7 7. O-O cxd4 8. cxd4 Nf5 9. Nc3 Rc8 10. Kh1 a6 11. a3 b5 12. Be3 Be7 13. Bd3 Nxe3 14. fxe3 O-O 15. Rc1 Na5 16. Qe2 Bc6 17. Qf2 Nc4 18. h4 f6 19. Bxc4 dxc4 20. Qg3 Bxf3 21. Rxf3 fxe5 22. Qxe5 Rxf3 23. gxf3 Qd6 24. Qxd6 Bxd6 25. Kg2 h6 26. Rd1 Kf7 27. Kh3 Rb8 28. Ne4 Be7 29. Nc5 Bxc5 30. dxc5 Rc8 31. Rd6 Rxc5 32. Rxa6 c3 33. bxc3 Rxc3 34. Rb6 Rxe3 35. Kg4 Rb3 36. h5 Kf6 37. f4 Rb1 38. Rb8 Rg1+ 39. Kf3 Ra1 40. Rxb5 Rxa3+ 41. Ke4 Ra2 42. Rc5 Rd2 43. Rc3 Rd5 44. Rh3 Ra5 45. Rh1 Ra4+ 46. Ke3 Kf5 47. Rg1 Re4+ 48. Kd3 Rxf4 49. Rxg7 Rh4 50. Rg1 Rxh5 51. Rf1+ Ke5 52. Rf3 Kd5 53. Ke3 e5 54. Rg3 Rh4 55. Kf3 Rf4+ 56. Ke3 Ra4 57. Rg6 h5 58. Rh6 h4 59. Rh5 Ra3+ 60. Kf2 h3 61. Kg1 Kd4 62. Kh2 e4 0-1

[Event "Mindsports Open 4th"]
[Site "London"]
[Date "2024.07.18"]
[Round "2.12"]
[White "Karas, Eugenia"]
[Black "Ogunshola, Ben"]
[Result "0-1"]
[WhiteElo "2173"]
[BlackElo "2043"]
[PlyCount "148"]
[EventDate "2024.07.18"]
[EventType "swiss"]
[EventRounds "9"]
[EventCountry "ENG"]
[SourceTitle "BritBase"]
[Source "John Saunders"]
[SourceDate "2024.08.27"]
[SourceVersion "1"]
[SourceVersionDate "2024.08.27"]
[SourceQuality "1"]

1. d4 Nf6 2. c4 g6 3. Nf3 Bg7 4. g3 O-O 5. Bg2 d6 6. O-O a6 7. Nc3 Nc6 8. e4 Bg4 9. h3 Bxf3 10. Bxf3 e5 11. d5 Nd4 12. Be3 Re8 13. Bg2 c5 14. dxc6 bxc6 15. Bxd4 exd4 16. Qxd4 Nxe4 17. Qd3 Nxc3 18. bxc3 Qc7 19. Rfd1 Rad8 20. a4 Re5 21. c5 Rxc5 22. Qxa6 d5 23. Ra3 Bxc3 24. Rb3 Ra5 25. Qd3 Bf6 26. Qc2 Kg7 27. Rbd3 Qb6 28. Rb3 Qc5 29. Qxc5 Rxc5 30. Rb6 Ra8 31. Rb4 Bc3 32. Rb3 Rxa4 33. Rc1 Ra1 34. Rxa1 Bxa1 35. Kf1 Rc2 36. Bf3 Bd4 37. Be2 Kf6 38. Rb7 h5 39. g4 hxg4 40. hxg4 g5 41. Rc7 Bb6 42. Rb7 Rb2 43. f3 Ke6 44. Bd3 f6 45. Bf5+ Kd6 46. Rf7 Bd4 47. Rd7+ Ke5 48. Rc7 Rb6 49. Ke2 Rb2+ 50. Kd3 Rb3+ 51. Kc2 Rc3+ 52. Kd2 Kd6 53. Rd7+ Kc5 54. Rc7 Rxf3 55. Rc8 Kd6 56. Rd8+ Ke5 57. Re8+ Kf4 58. Rc8 Rc3 59. Bd7 c5 60. Be6 Ra3 61. Rd8 Be3+ 62. Ke2 d4 63. Rd5 Rc3 64. Rf5+ Kg3 65. Rf3+ Kg2 66. Bd5 Kh2 67. Rxf6 c4 68. Rc6 Rc2+ 69. Kd1 Rd2+ 70. Ke1 c3 71. Be4 Kg3 72. Bf5 Ra2 73. Rc8 Kf3 74. Kd1 d3 0-1

[Event "Mindsports Open 4th"]
[Site "London"]
[Date "2024.07.18"]
[Round "2.13"]
[White "Dupuis, Denis K"]
[Black "Josse, Mark"]
[Result "1/2-1/2"]
[WhiteElo "2013"]
[BlackElo "2150"]
[PlyCount "130"]
[EventDate "2024.07.18"]
[EventType "swiss"]
[EventRounds "9"]
[EventCountry "ENG"]
[SourceTitle "BritBase"]
[Source "John Saunders"]
[SourceDate "2024.08.27"]
[SourceVersion "1"]
[SourceVersionDate "2024.08.27"]
[SourceQuality "1"]

1. e4 c5 2. Nc3 Nc6 3. f4 g6 4. Nf3 Bg7 5. Bc4 e6 6. O-O Nge7 7. Qe1 a6 8. a4 Nb4 9. Qd1 d5 10. Be2 O-O 11. d3 b6 12. Nb1 Bb7 13. Nbd2 Qc7 14. c3 Nbc6 15. g3 b5 16. Nb3 c4 17. Nc5 d4 18. axb5 axb5 19. Rxa8 Bxa8 20. dxc4 bxc4 21. Nxd4 Na5 22. Na6 Qc8 23. Nb4 Bxe4 24. Be3 Qb7 25. Bf3 Rd8 26. Bxe4 Qxe4 27. Qf3 Qxf3 28. Rxf3 Nd5 29. Nxd5 Rxd5 30. Rf1 Bxd4 31. Bxd4 Nb3 32. Be3 h5 33. Kf2 Kg7 34. Ke2 Kf6 35. h3 Kf5 36. Kf3 Rd3 37. g4+ hxg4+ 38. hxg4+ Kf6 39. Ke2 Ke7 40. f5 gxf5 41. gxf5 e5 42. Rh1 Kd6 43. Rh7 Kd5 44. Rxf7 Ke4 45. Ba7 Rd2+ 46. Ke1 Rxb2 47. f6 Kf3 48. Rd7 Rh2 49. Kd1 Rh1+ 50. Kc2 Rh2+ 51. Kb1 Ke4 52. f7 Rh1+ 53. Kb2 Rf1 54. Bb8 Nc5 55. Re7 Nd3+ 56. Ka2 Kd5 57. Bc7 Kc6 58. Bd8 Kd5 59. Bc7 Kc6 60. Bxe5 Nxe5 61. Rxe5 Rxf7 62. Ka3 Rb7 63. Ka2 Rb3 64. Re3 Kd5 65. Ka1 Kc5 1/2-1/2

[Event "Mindsports Open 4th"]
[Site "London"]
[Date "2024.07.18"]
[Round "2.14"]
[White "Banerjee, Supratit"]
[Black "O`Gorman, Alice"]
[Result "1/2-1/2"]
[WhiteElo "2161"]
[BlackElo "2003"]
[PlyCount "113"]
[EventDate "2024.07.18"]
[EventType "swiss"]
[EventRounds "9"]
[EventCountry "ENG"]
[SourceTitle "BritBase"]
[Source "John Saunders"]
[SourceDate "2024.08.27"]
[SourceVersion "1"]
[SourceVersionDate "2024.08.27"]
[SourceQuality "1"]

1. e4 c5 2. c3 Nf6 3. e5 Nd5 4. Nf3 d6 5. Bc4 Nb6 6. Bb3 c4 7. Bc2 dxe5 8. O-O Nc6 9. Re1 Bg4 10. a4 e6 11. a5 Nd5 12. a6 b5 13. d3 cxd3 14. Bxd3 Qb6 15. Qe2 Rb8 16. h3 Bh5 17. Be4 Bd6 18. Qd3 Bg6 19. Bxg6 hxg6 20. Ng5 O-O 21. Qg3 Nce7 22. Qh4 Nf6 23. Be3 Nf5 24. Bxb6 Rxb6 25. Qe4 Nxe4 26. Nxe4 Be7 27. Nbd2 Rd8 28. Nb3 Nd6 29. Nxd6 Bxd6 30. Red1 Kf8 31. Nc5 Ke7 32. Nb7 Rc8 33. Rd2 Rcc6 34. Na5 Rc5 35. Nb7 Rd5 36. Rc2 e4 37. Kf1 f5 38. Ke2 f4 39. Rd2 f3+ 40. gxf3 exf3+ 41. Kd1 Rg5 42. Kc2 Rg2 43. Kd3 Bf4 44. Rc2 Rh2 45. Ke4 g5 46. Kxf3 Rxh3+ 47. Ke4 Rc6 48. c4 Rxc4+ 49. Rxc4 bxc4 50. Na5 c3 51. bxc3 Rxc3 52. Rb1 Rc7 53. Rb5 Kd7 54. Kd3 Ke7 55. Ke4 Kd7 56. Kd3 Ke7 57. Ke4 1/2-1/2

[Event "Mindsports Open 4th"]
[Site "London"]
[Date "2024.07.18"]
[Round "2.15"]
[White "Kovalskyi, Roman"]
[Black "Oragwu, Chukwunonso"]
[Result "1-0"]
[WhiteElo "1989"]
[BlackElo "2129"]
[PlyCount "75"]
[EventDate "2024.07.18"]
[EventType "swiss"]
[EventRounds "9"]
[EventCountry "ENG"]
[SourceTitle "BritBase"]
[Source "John Saunders"]
[SourceDate "2024.08.27"]
[SourceVersion "1"]
[SourceVersionDate "2024.08.27"]
[SourceQuality "1"]

1. e4 e5 2. Nf3 d6 3. d4 Qe7 4. Nc3 c6 5. Be3 Nf6 6. Be2 Qc7 7. O-O Be7 8. h3 Nbd7 9. Qd2 O-O 10. Rae1 Re8 11. Bd3 Nf8 12. Nh2 Ng6 13. f4 exf4 14. Bxf4 Nxf4 15. Qxf4 Qb6 16. Ne2 Be6 17. b3 Nd7 18. Kh1 Nf8 19. c4 Ng6 20. Qf3 Bf6 21. Qf2 Bh4 22. g3 Bf6 23. Kg2 a5 24. h4 h6 25. c5 dxc5 26. e5 Bd5+ 27. Kg1 Be7 28. h5 Nf8 29. Nf4 f6 30. Ng4 Qb4 31. exf6 Bxf6 32. Nxf6+ gxf6 33. dxc5 Bf7 34. Ng6 Rxe1 35. Rxe1 Qc3 36. Ne7+ Kh8 37. Re3 Re8 38. Bg6 1-0

[Event "Mindsports Open 4th"]
[Site "London"]
[Date "2024.07.18"]
[Round "2.16"]
[White "Dias, Savin"]
[Black "Kolani, Arjun"]
[Result "0-1"]
[WhiteElo "1954"]
[BlackElo "2124"]
[PlyCount "118"]
[EventDate "2024.07.18"]
[EventType "swiss"]
[EventRounds "9"]
[EventCountry "ENG"]
[SourceTitle "BritBase"]
[Source "John Saunders"]
[SourceDate "2024.08.27"]
[SourceVersion "1"]
[SourceVersionDate "2024.08.27"]
[SourceQuality "1"]

1. e4 e5 2. Nf3 Nc6 3. Bc4 Bc5 4. c3 Nf6 5. d3 a6 6. a4 d6 7. O-O Ba7 8. Nbd2 O-O 9. Re1 h6 10. Nf1 Re8 11. Be3 Bxe3 12. Nxe3 Be6 13. Nd5 Rb8 14. b4 Bxd5 15. Bxd5 Ne7 16. Bb3 Ng6 17. Nd2 c6 18. Nf1 d5 19. Qf3 Nf4 20. g3 Ng6 21. Qe2 Qd7 22. Red1 Rbd8 23. a5 Qc7 24. Rac1 Nf8 25. f3 d4 26. c4 c5 27. Qd2 Ne6 28. b5 Rf8 29. b6 Qe7 30. Qg2 Nh7 31. Nd2 f5 32. exf5 Rxf5 33. Ne4 Rdf8 34. Rf1 Nhg5 35. Nd2 Nd8 36. Ba4 h5 37. Rce1 Nge6 38. Re4 Nf7 39. Re2 Rg5 40. f4 exf4 41. Rfe1 Nfd8 42. Nf3 Rgf5 43. g4 hxg4 44. Qxg4 Qd6 45. Kh1 R8f6 46. Re5 Rxe5 47. Rxe5 Nf7 48. Rd5 Qf8 49. Bd7 Qe7 50. Ba4 Nf8 51. Bd1 Qe3 52. Ng5 Nxg5 53. Rxg5 Ne6 54. Rf5 Qe1+ 55. Kg2 Qd2+ 56. Kg1 Rxf5 57. Qxf5 Qxd1+ 58. Kf2 Qd2+ 59. Kf1 Qe3 0-1

[Event "Mindsports Open 4th"]
[Site "London"]
[Date "2024.07.18"]
[Round "2.17"]
[White "Eames, Robert S"]
[Black "Pandit, Kabir"]
[Result "1-0"]
[WhiteElo "2148"]
[BlackElo "1950"]
[PlyCount "71"]
[EventDate "2024.07.18"]
[EventType "swiss"]
[EventRounds "9"]
[EventCountry "ENG"]
[SourceTitle "BritBase"]
[Source "John Saunders"]
[SourceDate "2024.08.27"]
[SourceVersion "1"]
[SourceVersionDate "2024.08.27"]
[SourceQuality "1"]

1. e4 c5 2. c3 g6 3. d4 cxd4 4. cxd4 d5 5. exd5 Nf6 6. Bb5+ Nbd7 7. Nc3 Bg7 8. Nf3 O-O 9. Bc4 Nb6 10. Bb3 Nfxd5 11. O-O Nxc3 12. bxc3 Qc7 13. Bg5 h6 14. Bh4 Bg4 15. h3 Bxf3 16. Qxf3 e6 17. Rac1 Rac8 18. Rfd1 Qc6 19. Qe2 Nd5 20. c4 Nf4 21. Qg4 g5 22. d5 Qe8 23. Bg3 f5 24. Qf3 e5 25. Bxf4 gxf4 26. c5 Qg6 27. d6+ Kh8 28. d7 Rcd8 29. Qxb7 e4 30. Qc7 Qg5 31. c6 Bb2 32. Rc2 Bf6 33. Be6 Qh5 34. Qd6 f3 35. c7 fxg2 36. cxd8=Q 1-0

[Event "Mindsports Open 4th"]
[Site "London"]
[Date "2024.07.18"]
[Round "2.18"]
[White "Shearsby, Jude"]
[Black "Teclaf, Pawel"]
[Result "1/2-1/2"]
[WhiteElo "2130"]
[BlackElo "2559"]
[PlyCount "96"]
[EventDate "2024.07.18"]
[EventType "swiss"]
[EventRounds "9"]
[EventCountry "ENG"]
[SourceTitle "BritBase"]
[Source "John Saunders"]
[SourceDate "2024.08.27"]
[SourceVersion "1"]
[SourceVersionDate "2024.08.27"]
[SourceQuality "1"]

1. e4 Nf6 2. Nc3 d5 3. exd5 Nxd5 4. Bc4 Nxc3 5. Qf3 e6 6. dxc3 Bd6 7. Bf4 Qf6 8. Bxd6 cxd6 9. Bb5+ Ke7 10. Qxf6+ gxf6 11. O-O-O Bd7 12. Bxd7 Nxd7 13. Nf3 Rac8 14. Rhe1 Rc5 15. Nd4 Rg8 16. g3 Rgc8 17. f4 f5 18. Nb3 Rb5 19. Nd4 Rd5 20. Rd3 Nf6 21. b3 Kf8 22. Kb2 a6 23. Nf3 Rdc5 24. Rxd6 Rxc3 25. Rd8+ Rxd8 26. Kxc3 Ne4+ 27. Kb2 b5 28. a3 Ke7 29. Kc1 Rc8 30. Ne5 f6 31. Nd3 h5 32. Re2 Rg8 33. Nf2 Nc3 34. Re3 Nd5 35. Rd3 h4 36. Kd2 hxg3 37. hxg3 Rc8 38. Rd4 Nb6 39. Nd1 Rg8 40. Rd3 Nd7 41. Re3 Kd6 42. Rd3+ Kc6 43. Re3 e5 44. Nf2 Kd6 45. Rd3+ Kc6 46. Rc3+ Kb6 47. Rd3 Nc5 48. Rd6+ Kc7 1/2-1/2

[Event "Mindsports Open 4th"]
[Site "London"]
[Date "2024.07.18"]
[Round "2.19"]
[White "Cherniaev, Alexander"]
[Black "Villiers, Thomas"]
[Result "1-0"]
[WhiteElo "2359"]
[BlackElo "2229"]
[PlyCount "105"]
[EventDate "2024.07.18"]
[EventType "swiss"]
[EventRounds "9"]
[EventCountry "ENG"]
[SourceTitle "BritBase"]
[Source "John Saunders"]
[SourceDate "2024.08.27"]
[SourceVersion "1"]
[SourceVersionDate "2024.08.27"]
[SourceQuality "1"]

1. e4 c5 2. Nc3 e6 3. Nge2 Nc6 4. g3 Nf6 5. Bg2 Be7 6. O-O O-O 7. h3 d6 8. d3 Rb8 9. a3 b5 10. Be3 Qc7 11. Kh1 Bd7 12. f4 a5 13. a4 bxa4 14. Nxa4 Nd4 15. Nxd4 cxd4 16. Bxd4 Rb4 17. c4 Rfb8 18. e5 Ne8 19. Nc3 Bc6 20. Ne4 d5 21. cxd5 exd5 22. Nc5 Rxd4 23. Na6 Qb6 24. Nxb8 Qxb8 25. Rxa5 Qxb2 26. Ra1 Qb5 27. Qc2 Rb4 28. Rfb1 Bb7 29. Rxb4 Bxb4 30. d4 Bf8 31. Rb1 Qd7 32. f5 Ba6 33. Rb8 Bc4 34. Qb1 g6 35. f6 Nc7 36. Qb7 Bb5 37. h4 Na6 38. Qxd7 Bxd7 39. Rd8 Bc6 40. Bxd5 Nb4 41. Bg2 Bxg2+ 42. Kxg2 Nc6 43. Rd7 h5 44. Kf3 Bb4 45. Ke4 Be1 46. Rc7 Nd8 47. d5 Ba5 48. Rc5 Bb6 49. Rb5 Ba7 50. Ra5 Bb6 51. Ra6 Bf2 52. Ra8 Bb6 53. e6 1-0

[Event "Mindsports Open 4th"]
[Site "London"]
[Date "2024.07.18"]
[Round "2.20"]
[White "Johnson, Daniel"]
[Black "Large, Peter G"]
[Result "1-0"]
[WhiteElo "2126"]
[BlackElo "2311"]
[PlyCount "167"]
[EventDate "2024.07.18"]
[EventType "swiss"]
[EventRounds "9"]
[EventCountry "ENG"]
[SourceTitle "BritBase"]
[Source "John Saunders"]
[SourceDate "2024.08.27"]
[SourceVersion "1"]
[SourceVersionDate "2024.08.27"]
[SourceQuality "1"]

1. d4 e6 2. c4 b6 3. e4 Bb7 4. Nc3 Bb4 5. Qc2 Qh4 6. Bd3 f5 7. g3 Qh5 8. f3 fxe4 9. Bxe4 Bxe4 10. Qxe4 Nc6 11. Be3 Nf6 12. Qd3 O-O 13. O-O-O Qa5 14. Nge2 Bxc3 15. Nxc3 Nb4 16. Qb1 Qa6 17. a3 Nc6 18. Qd3 Na5 19. c5 Qb7 20. Rhf1 Nd5 21. Ne4 bxc5 22. Nxc5 Qc6 23. Kb1 Nxe3 24. Qxe3 Nc4 25. Qc3 Nb6 26. Ne4 Qxc3 27. Nxc3 Nc4 28. Rd3 Rab8 29. Nd1 Rb5 30. Rf2 Rfb8 31. Rc3 d5 32. Ka2 a5 33. b3 Nd6 34. Rb2 Nf5 35. Rd2 R8b7 36. Ne3 Nxe3 37. Rxe3 Kf7 38. Rc2 Ke7 39. Rc6 Kd7 40. Rcxe6 c5 41. Re7+ Kc8 42. Re8+ Kd7 43. R8e7+ Kc8 44. Rxb7 Kxb7 45. a4 Rb4 46. dxc5 Rd4 47. Re2 Kc6 48. Rc2 g5 49. Rf2 Kxc5 50. f4 gxf4 51. gxf4 Kd6 52. f5 Ke7 53. f6+ Kf7 54. Kb2 Rd3 55. Rf5 d4 56. Rxa5 Kxf6 57. Rh5 Rd2+ 58. Ka3 d3 59. Rd5 Ke6 60. Rd8 Ke5 61. a5 Ke4 62. b4 Rd1 63. b5 d2 64. Kb2 Rc1 65. a6 d1=Q 66. Rxd1 Rxd1 67. a7 Rd8 68. b6 Ra8 69. b7 Rxa7 70. b8=Q Rg7 71. Kc3 Kf5 72. Qf8+ Kg6 73. Kd4 Rf7 74. Qg8+ Kf6 75. Qg4 Re7 76. Qh4+ Ke6 77. Ke4 Rf7 78. Qh6+ Ke7 79. Ke5 Ke8 80. Qg5 Kf8 81. Ke6 Rb7 82. Qf4+ Ke8 83. Qd6 Re7+ 84. Qxe7# 1-0

[Event "Mindsports Open 4th"]
[Site "London"]
[Date "2024.07.18"]
[Round "2.21"]
[White "Brozel, Sacha"]
[Black "Kalavannan, Koby"]
[Result "0-1"]
[WhiteElo "2124"]
[BlackElo "2265"]
[PlyCount "80"]
[EventDate "2024.07.18"]
[EventType "swiss"]
[EventRounds "9"]
[EventCountry "ENG"]
[SourceTitle "BritBase"]
[Source "John Saunders"]
[SourceDate "2024.08.27"]
[SourceVersion "1"]
[SourceVersionDate "2024.08.27"]
[SourceQuality "1"]

1. c4 g6 2. g3 Bg7 3. Bg2 Nf6 4. Nc3 d6 5. e4 c5 6. Nge2 Nc6 7. d3 Rb8 8. h3 a6 9. a4 h5 10. Be3 Nd7 11. O-O h4 12. g4 Bd4 13. Bg5 f6 14. Bc1 e5 15. Nxd4 Nxd4 16. f4 exf4 17. Bxf4 Ne5 18. Nd5 O-O 19. Bxe5 dxe5 20. Qd2 Kg7 21. g5 fxg5 22. b4 cxb4 23. Rxf8 Kxf8 24. Rf1+ Kg7 25. Rf6 Kh6 26. Qxb4 Be6 27. Ne7 Ne2+ 28. Kf2 Nf4 29. Bf1 Qd4+ 30. Ke1 Qe3+ 31. Kd1 Qf3+ 32. Kd2 Qxf1 33. Qd6 Qf2+ 34. Kc3 Qd4+ 35. Qxd4 Ne2+ 36. Kb4 Nxd4 37. Rxg6+ Kh5 38. Rg7 Bxh3 39. Nd5 Be6 40. Kc5 Kh6 0-1

[Event "Mindsports Open 4th"]
[Site "London"]
[Date "2024.07.18"]
[Round "2.22"]
[White "Merriman, John"]
[Black "Li, Harry"]
[Result "1/2-1/2"]
[WhiteElo "2251"]
[BlackElo "2166"]
[PlyCount "39"]
[EventDate "2024.07.18"]
[EventType "swiss"]
[EventRounds "9"]
[EventCountry "ENG"]
[SourceTitle "BritBase"]
[Source "John Saunders"]
[SourceDate "2024.08.27"]
[SourceVersion "1"]
[SourceVersionDate "2024.08.27"]
[SourceQuality "1"]

1. d4 d5 2. c4 e6 3. Nc3 c5 4. cxd5 exd5 5. Nf3 Nf6 6. g3 Nc6 7. Bg2 Be7 8. O-O O-O 9. dxc5 Bxc5 10. b3 Ne4 11. Bb2 Nxc3 12. Bxc3 d4 13. Bb2 Bf5 14. Rc1 Qb6 15. Nh4 Bg4 16. Qc2 Be7 17. Qe4 Be6 18. Nf5 Bf6 19. e3 Rad8 20. Nxd4 1/2-1/2

[Event "Mindsports Open 4th"]
[Site "London"]
[Date "2024.07.18"]
[Round "2.23"]
[White "Patel, Zain"]
[Black "Dignam, Matthew"]
[Result "1/2-1/2"]
[WhiteElo "1958"]
[BlackElo "2104"]
[PlyCount "187"]
[EventDate "2024.07.18"]
[EventType "swiss"]
[EventRounds "9"]
[EventCountry "ENG"]
[SourceTitle "BritBase"]
[Source "John Saunders"]
[SourceDate "2024.08.27"]
[SourceVersion "1"]
[SourceVersionDate "2024.08.27"]
[SourceQuality "1"]

1. d4 Nf6 2. Nf3 g6 3. c4 Bg7 4. Nc3 O-O 5. e4 d6 6. Be2 Nbd7 7. O-O e5 8. Re1 Re8 9. Bf1 c6 10. d5 c5 11. h3 h6 12. Be3 Kh8 13. a3 Ng8 14. Nd2 f5 15. f3 f4 16. Bf2 h5 17. b4 b6 18. bxc5 bxc5 19. a4 g5 20. a5 Nh6 21. Be2 Nf6 22. a6 g4 23. fxg4 hxg4 24. hxg4 Nfxg4 25. Bxg4 Bxg4 26. Nf3 Qf6 27. Nb5 Qg6 28. Nc7 Bf6 29. Nxe8 Bh3 30. g3 Rxe8 31. Rb1 Rg8 32. Rb7 Ng4 33. Qd2 Nxf2 34. Kxf2 Qxg3+ 35. Ke2 Qg2+ 36. Kd1 Qxf3+ 37. Qe2 Qxe2+ 38. Kxe2 Bg2 39. Rxa7 f3+ 40. Kd2 f2 41. Rb1 f1=Q 42. Rxf1 Bxf1 43. Rb7 Ra8 44. a7 Bd8 45. Rb8 Rxa7 46. Rxd8+ Kg7 47. Rxd6 Bxc4 48. Re6 Bb3 49. Rxe5 c4 50. Rf5 Ra2+ 51. Kc3 Rc2+ 52. Kb4 Rd2 53. Rf3 Rd4 54. Rf4 Kg6 55. Kc3 Rd3+ 56. Kb4 Kg5 57. Rf5+ Kg4 58. Rf6 Ba2 59. Ra6 Bb3 60. Re6 Kf4 61. d6 Ba2 62. e5 c3 63. Re7 c2 64. Rc7 Rb3+ 65. Ka4 Rb1 66. d7 Rd1 67. Rxc2 Be6 68. Rc5 Rd4+ 69. Kb5 Rxd7 70. Kb6 Ke4 71. Kc6 Rd4 72. Kc7 Rd7+ 73. Kc6 Kd4 74. Ra5 Bf5 75. Ra4+ Ke3 76. Ra3+ Kf4 77. Ra4+ Kg5 78. Re4 Rd8 79. Re1 Be6 80. Kc7 Rd2 81. Re3 Kf4 82. Re1 Rd7+ 83. Kc6 Kf3 84. Rf1+ Ke4 85. Re1+ Kf5 86. Re2 Rd1 87. Kc5 Bd5 88. Re3 Be4 89. e6 Rd5+ 90. Kc6 Re5+ 91. Kc7 Rxe6 92. Rc3 Ke5 93. Re3 Re7+ 94. Kd8 1/2-1/2

[Event "Mindsports Open 4th"]
[Site "London"]
[Date "2024.07.18"]
[Round "2.24"]
[White "Verma, Shlok"]
[Black "Wilks, Simon"]
[Result "1/2-1/2"]
[WhiteElo "2102"]
[BlackElo "2027"]
[PlyCount "80"]
[EventDate "2024.07.18"]
[EventType "swiss"]
[EventRounds "9"]
[EventCountry "ENG"]
[SourceTitle "BritBase"]
[Source "John Saunders"]
[SourceDate "2024.08.27"]
[SourceVersion "1"]
[SourceVersionDate "2024.08.27"]
[SourceQuality "1"]

1. d4 Nf6 2. c4 e6 3. Nf3 Bb4+ 4. Bd2 c5 5. a3 Bxd2+ 6. Qxd2 cxd4 7. Nxd4 O-O 8. Nc3 d5 9. cxd5 Nxd5 10. g3 Nxc3 11. Qxc3 Qd5 12. Nf3 Bd7 13. Bg2 Bc6 14. Rd1 Qh5 15. O-O Nd7 16. Rd4 Rac8 17. Qd2 Nf6 18. Rd1 Qc5 19. b4 Qb6 20. Ne5 Bxg2 21. Kxg2 Ra8 22. Kg1 Qb5 23. Nc4 b6 24. Nd6 Qe5 25. Nc4 Qb5 26. Nb2 Rac8 27. a4 Qf5 28. Rc4 Rxc4 29. Nxc4 Ne4 30. Qd4 h5 31. f3 Nf6 32. a5 bxa5 33. bxa5 Qb5 34. Kf2 a6 35. Ra1 Nd5 36. Nb6 Ne7 37. Qd3 Qxd3 38. exd3 Rd8 39. Ke2 Nc6 40. Ke3 Rb8 1/2-1/2

[Event "Mindsports Open 4th"]
[Site "London"]
[Date "2024.07.18"]
[Round "2.25"]
[White "Pal, Rohan"]
[Black "Adams, Henry"]
[Result "1/2-1/2"]
[WhiteElo "2077"]
[BlackElo "2000"]
[PlyCount "51"]
[EventDate "2024.07.18"]
[EventType "swiss"]
[EventRounds "9"]
[EventCountry "ENG"]
[SourceTitle "BritBase"]
[Source "John Saunders"]
[SourceDate "2024.08.27"]
[SourceVersion "1"]
[SourceVersionDate "2024.08.27"]
[SourceQuality "1"]

1. e4 e5 2. Nc3 Nf6 3. g3 Nc6 4. Bg2 Bc5 5. Nge2 O-O 6. O-O a6 7. d3 d6 8. h3 Ne8 9. Kh2 f5 10. f4 exf4 11. Bxf4 Nd4 12. Qd2 c6 13. Rae1 Ne6 14. Be3 Bxe3 15. Qxe3 fxe4 16. Rxf8+ Kxf8 17. Nxe4 d5 18. Nc5 Nxc5 19. Qxc5+ Qd6 20. b4 Bd7 21. Nd4 Qxc5 22. bxc5 Nc7 23. a4 Re8 24. Rb1 Bc8 25. Bf3 Re7 26. Kg2 1/2-1/2